ՀՀ Գիտությունների ազգային ակադեմիայի հիմնարար գիտական գրադարան  =   Fundamental Scientific Library of NAS RA

Մայրենի լեզու : (Record no. 117933)

MARC details
000 -LEADER
fixed length control field 01003nam a2200241 u 4500
001 - CONTROL NUMBER
control field 000317692
003 - CONTROL NUMBER IDENTIFIER
control field AM-YeHGA
005 - DATE AND TIME OF LATEST TRANSACTION
control field 20250618072022.0
008 - FIXED-LENGTH DATA ELEMENTS--GENERAL INFORMATION
fixed length control field 031126s1970 ai r 000 0 arm d
040 ## - CATALOGING SOURCE
Original cataloging agency AM-YeHGA
041 0# - LANGUAGE CODE
Language code of text/sound track or separate title arm
090 ## - LOCALLY ASSIGNED LC-TYPE CALL NUMBER (OCLC); LOCAL CALL NUMBER (RLIN)
-- 119281
100 1# - MAIN ENTRY--PERSONAL NAME
Personal name Ալեքսանյան, Զավեն Հարությունի,
9 (RLIN) 2501
245 10 - TITLE STATEMENT
Title Մայրենի լեզու :
Remainder of title Բ. տարի /
Statement of responsibility, etc. Զ.Հ. Ալեքսանեան, Ա.Ս. Սարմէն, Գ.Ն. Հատիտեան; Խմբ.՝ Ա.Ե. Տէր-Գրիգորեան.
250 ## - EDITION STATEMENT
Edition statement 3-րդ հրատ.
260 ## - PUBLICATION, DISTRIBUTION, ETC.
Place of publication, distribution, etc. Երևան :
Name of publisher, distributor, etc. Ա. հ.,
Date of publication, distribution, etc. 1970.
300 ## - PHYSICAL DESCRIPTION
Extent 182 էջ :
Other physical details նկ. ;
Dimensions 22 սմ.
650 14 - SUBJECT ADDED ENTRY--TOPICAL TERM
Topical term or geographic name entry element Հայոց լեզու
General subdivision Դասագիրք սփյուռքի դպրոցների համար
650 14 - SUBJECT ADDED ENTRY--TOPICAL TERM
Topical term or geographic name entry element Մայրենի լեզու
9 (RLIN) 4523
700 1# - ADDED ENTRY--PERSONAL NAME
Personal name Սարմեն,
Dates associated with a name 1901-1984
9 (RLIN) 1029
700 1# - ADDED ENTRY--PERSONAL NAME
Personal name Հատիտյան, Գևորգ Նազարի,
Dates associated with a name 1924-1984
9 (RLIN) 9471
700 1# - ADDED ENTRY--PERSONAL NAME
Personal name Տեր-Գրիգորյան, Աշոտ Երեմի,
Dates associated with a name 1927-1988
Relator term խմբ.
Relationship edt
9 (RLIN) 2455
Holdings
Withdrawn status Lost status Damaged status Not for loan Collection Home library Current library Date acquired Total checkouts Full call number Barcode Date last seen Price effective from Koha item type Public note
        General Fundamental Scientific Library Fundamental Scientific Library 22/12/2016   AII/47076 220047076 22/12/2016 22/12/2016 Գրքեր / Books 30 Days Loan
        General Fundamental Scientific Library Fundamental Scientific Library 22/12/2016   AII/47077 220047077 22/12/2016 22/12/2016 Գրքեր / Books 30 Days Loan
        General Fundamental Scientific Library Fundamental Scientific Library 22/12/2016   AII/47078 220047078 22/12/2016 22/12/2016 Գրքեր / Books 30 Days Loan
        General Fundamental Scientific Library Fundamental Scientific Library 22/12/2016   AII/50512 220050512 22/12/2016 22/12/2016 Գրքեր / Books 30 Days Loan


ՀՀ ԳԱԱ հիմնարար գիտական գրադարան
ՀՀ,Երևան 0019
Մարշալ Բաղրամյան 24/6
հեռախոս:(374-10) 52-47-50
Հետադարձ կապ

All site content, except where otherwise noted, is licensed under a
Creative Commons License